ARRUPE JESUIT UNIVERSITY

CORONAVIRUS -STOP THE SPREAD - CLEAN,DISINFECT,COVER

We wish to inform you that tomorrow we will be killed with our families (Record no. 100316)

MARC details
000 -LEADER
fixed length control field 00537nam a2200217Ia 4500
003 - CONTROL NUMBER IDENTIFIER
control field 0100
005 - DATE AND TIME OF LATEST TRANSACTION
control field 20170428105217.0
008 - FIXED-LENGTH DATA ELEMENTS--GENERAL INFORMATION
fixed length control field 130307s9999 xx 000 0 und d
020 ## - INTERNATIONAL STANDARD BOOK NUMBER
International Standard Book Number 0330371215
040 ## - CATALOGING SOURCE
Transcribing agency ARRUPELIB
050 ## - LIBRARY OF CONGRESS CALL NUMBER
Classification number DT450.435.G68 1998
300 ## - PHYSICAL DESCRIPTION
Other physical details 20cm
100 ## - MAIN ENTRY--PERSONAL NAME
Personal name Gourevitch, Philip
9 (RLIN) 30140
245 ## - TITLE STATEMENT
Title We wish to inform you that tomorrow we will be killed with our families
245 ## - TITLE STATEMENT
Remainder of title stories from Rwanda
260 ## - PUBLICATION, DISTRIBUTION, ETC. (IMPRINT)
Name of publisher, distributor, etc Picador
Place of publication, distribution, etc London
Date of publication, distribution, etc 1998
300 ## - PHYSICAL DESCRIPTION
Extent 355p.
650 ## - SUBJECT ADDED ENTRY--TOPICAL TERM
Topical term following geographic name as entry element Genocide
Geographic subdivision -Rwanda
9 (RLIN) 2467
650 ## - SUBJECT ADDED ENTRY--TOPICAL TERM
Topical term following geographic name as entry element Rwanda
General subdivision Ethnic relations
9 (RLIN) 30141
650 ## - SUBJECT ADDED ENTRY--TOPICAL TERM
Topical term following geographic name as entry element Rwanda
General subdivision Politics
9 (RLIN) 30142
942 00 - ADDED ENTRY ELEMENTS (KOHA)
Koha issues (borrowed), all copies 2
Source of classification or shelving scheme Library of Congress Classification
Koha item type Monograph ( Printed materials)
Holdings
Withdrawn status Lost status Source of classification or shelving scheme Damaged status Not for loan Collection code Home library Current library Shelving location Date acquired Total Checkouts Full call number Barcode Date last seen Date checked out Copy number Price effective from Koha item type
    Library of Congress Classification     Main Collection ARRUPE LIBRARY ARRUPE LIBRARY   07/03/2013 2 DT450.435.G68 1998 46003076612 24/10/2018 22/10/2018 1 07/03/2013 Monograph ( Printed materials)
    Library of Congress Classification     Main Collection ARRUPE LIBRARY ARRUPE LIBRARY   07/03/2013 2 DT450.435.G68 1998 46003076611 07/12/2017 13/04/2016 2 07/03/2013 Monograph ( Printed materials)

 

Arrupe Library. PO Box MP320 Mt Pleasant, Harare, Zimbabwe
263 242 745411|librarian@aju.ac.zw